| 000 | 02121cam a22004574i 4500 | ||
|---|---|---|---|
| 003 | PE-LiUPU | ||
| 005 | 20250731173313.0 | ||
| 008 | 150616s1988 miu rb 000 0 eng d | ||
| 035 | _a(Sirsi) a3721 | ||
| 040 |
_aPE-LiUPU _bspa _cPE-LiUPU _erda |
||
| 049 | _aPRUA | ||
| 082 | 0 | 4 |
_a286.735 _bB12 _221 |
| 100 | 1 |
_aBacchiocchi, Samuele, _eautor. |
|
| 245 | 1 | 4 |
_aThe advent hope for human hopelessness : _ba theological study of the meaning of the second advent for today / _cSamuele Bacchiocchi. |
| 264 | 1 |
_aMichigan : _bBiblical Perspectives, _c1988. |
|
| 300 |
_a385 páginas ; _c22 centímetros |
||
| 336 |
_atext _2rdacontent |
||
| 337 |
_aunmediated _2rdamedia |
||
| 338 |
_avolume _2rdacarrier |
||
| 504 | _aIncluye bibliografía. | ||
| 505 | 0 | _aThe nature of biblical hope -- The old testament and the advent hope -- The new testament and the advent hope -- The certainty of the advent hope -- The delimitation of the advent hope -- The imminence and distance of the advent hope -- The nature and function of the advent signs -- The sign of divine grace and the advent hope -- Signs of opposition to God and the advent hope -- Signs of divine judgment and the advent hope -- The neglect of the advent hope -- The judgment and the advent hope -- The investigative judgment and the advent hope -- The consummation of the advent hope -- Living the advent hope. | |
| 526 | _aSEG42 | ||
| 526 | _aSEG41 | ||
| 526 | _aSEG40 | ||
| 526 | _aSEG39 | ||
| 526 | _aP94 | ||
| 526 | _aP87 | ||
| 526 | _aP86 | ||
| 526 | _aP85 | ||
| 526 | _aP77 | ||
| 526 | _aP76 | ||
| 526 | _aP35 | ||
| 650 | 0 | 4 |
_aEsperanza. _9936 |
| 910 |
_ajck _bjvq _cjck |
||
| 942 |
_2ddc _cBOOK |
||
| 949 |
_a286.735 B12 _wDEWEY _c1 _i10859 _lCCODEBUL1 _mBUL _p00.00 _r0 _sY _tBOOK _u19930425 _xTEOLOGIA _zUNKNOWN _0COMPRA _o.STAFF. Colección General |
||
| 994 |
_aC0 _bPEPRU |
||
| 596 | _a1 | ||
| 999 |
_a286.735 B12 _wDEWEY _c45368 _i10859 _f2021-11-11 _g5 _lCCODEBUL1 _mBUL _p14.95 _r0 _sY _tBOOK _u2015-6-16 _xTEOLOGIA _PP35 _0COMPRA _o.STAFF. Colección Teología _d45368 |
||
| 980 |
_81 _gALBERTO SANCHEZ Responsable de Automatización |
||